000 00917nac a22002777a 4500
001 BR8000201
003 BR-BrBNA
005 20240105114613.0
008 230509b bl.|||m| |||| 00| 0 por d
040 _aBR-BrBNA
_bpor
_cBiblioteca Nacional de Agricultura
072 _aF22
090 _aF22 BR8000201
100 1 _aMiranda, L.N. de
110 1 _aCentro de Pesquisa Agropecuaria dos Cerrados, Planaltina, DF (Brasil)
245 1 _aAmostragem de solo para analise quimica [Brasil]
246 1 _a[Soil sampling for chemical analysis [Brazil]]
260 3 _aPlanaltina, DF (Brasil):
_cSep 1979.
300 _a7 p.
490 _aComunicado Tecnico - Centro de Pesquisa Agropecuaria dos Cerrados (Brazil)
_vno. 7
_x
500 _a6 illus.; 7 ref.
650 _aQuimica do solo
650 _aSolo
650 _aAnalise quimica
909 _a202312
_bLúcia Elande
_c55
_dLúcia Elande
942 _2AGRIS
_n0
_cMS
999 _c270291
_d270291